LEADER 01140nam a2200301 a 4500 001 000000131924 003 CaOOAMICUS 005 20121206103445.0 008 121206s2004 it u000 u ita r 020 $a88-87945-64-0 040 $aPUL$bita 041 1 $aita$aeng$heng 100 1 $aEliot, T. S.$q(Thomas Stearns),$d1888-1965.$0(OLS)http://pul/name/12493 245 13$aLa roccia :$bun libro di parole /$cThomas Stearns Eliot ; a cura di Marco Respinti. 260 $aMilano :$bBVS,$c©2004. 300 $a205 p. ;$c20 cm 490 1 $aRitorni ;$v01 546 $aTesto inglese a fronte. 700 1 $aRespinti, Marco.$0(OLS)http://pul/name/35892 830 0$aRitorni ;$v01.$0(OLS)http://pul/title/166683 850 $aPUL 852 $aPUL$W1$xDP1 Fondo E. Rossi$y115$m1 E 41$j151991$qFondi$B151186$CPULBib$Z2$F151186 $82 941 1 $a1 961 $aSul dorso collocazione ms. di E. Rossi: E 36 2 996 $6020$a88-87945-64-0$9(OLS)http://pul/number/151282 996 $6245$aLa roccia :$bun libro di parole$9(OLS)http://pul/title/166682 996 $6260$aMilano :$bBVS$9(OLS)http://pul/publisher/82195 LEADER 01434nam a2200277 u 4500 001 000000086998 003 CaOOAMICUS 005 20140827094200.0 008 051007s1991 vc c u000 u fre u 035 $a11062220 040 $aPUL$bita 110 2 $aPontificia Commissio Iustitia et Pax.$0(OLS)http://pul/name/8415 245 10$aDe "Rerum novarum" à "Centesimus annus" :$bTextes intégraux des deux Encycliques avec deux études /$cConseil Pontifical "Justice et Paix" ; Roger Aubert er Michel Schooyans. 260 $aCité du Vatican :$bTypographie vaticane,$c1991. 300 $a189 p. :$britr. ;$c21 cm 504 $aBibliografia in nota. 610 24$aPapi (1978-2005 : Iohannes Paulus PP. II).$tCentesimus annus.$0(OLS)http://pul/subject/19578 610 24$aPapi (1878-1903 : Leo PP. XIII).$tRerum novarum.$0(OLS)http://pul/subject/7220 700 1 $aAubert, Roger,$d1914-$0(OLS)http://pul/name/3028 710 1 $aSchooyans, Michel,$d1930-$0(OLS)http://pul/name/56807 850 $aPUL 852 $aPUL$W1$xSL Religione 3$y85$m261 PCJEP 1$j121227$nBK-PRI$qDDC 21$B110350$CPULBib$Z2$F110350 $HPUL99166 $82 941 1 $a8 960 $aRerum novarum$97220 996 $6245$aDe "Rerum novarum" à "Centesimus annus" :$bTextes intégraux des deux Encycliques avec deux études$9(OLS)http://pul/title/112640 996 $6260$aCité du Vatican :$bTypographie vaticane$9(OLS)http://pul/publisher/67075